000 01040cam a22003257a 4500
003 CHAP
005 20220817043138.0
008 971013s1986 r 00010 d
010 _a66795
011 _a67767
035 _a77239
040 _cCHAP
082 _a634.90717
_bF35
110 _aFAO
245 1 2 _aA forester's guide for community involvement in upland conservation
_b: with special reference to the Asia and Pacific Region
260 _aRome :
_bFAO,
_c1986
300 _a125 p.
_b: ilus.
590 _aBATCH-UPD
_b10
_c20130110
_lUCH01
_h0539
590 _aBATCH-UPD
_b10
_c20130410
_lUCH01
_h0220
590 _aBATCH-UPD
_b10
_c20130914
_lUCH01
_h0718
590 _aCONVERSION
_b10
_c20130109
_lUCH01
_h1337
650 1 4 _aBosques
_xPreservación.
650 1 4 _aExtensión forestal.
_939198
650 1 4 _aRecursos naturales
_xConservación.
700 0 _aFrench, James H.
_943169
700 0 _aGecolea, Romeo H.
_947383
901 _aBK
942 _cLIBRO
949 _a634.90717 F35
_bBC
_cFAO
_d-30107
_eFAO1
_h72664
_i77239
_si
999 _c66795
_d66795